| 000 | 00421cam a2200169ua 4500 | ||
|---|---|---|---|
| 041 |
_aeng _h |
||
| 082 |
_a910 _bSTA/AT |
||
| 100 | _aStamp, Dudley L . | ||
| 245 | 0 | 0 |
_aAt home and abroad: Geography for today / _cDudley L Stamp. _hTextual Documents |
| 250 |
_a3 / _b. |
||
| 260 |
_aLondon : _bLongman , _c1951. |
||
| 300 | _a244 ; . | ||
| 504 | _a | ||
| 700 | 1 | _aSuggate, L S . | |
| 942 | _cBK | ||
| 999 |
_c5940 _d5940 |
||